000 01062pam a2200289 a 4500
001 2995476
003 ARRUPE
005 20150122173359.0
008 930519s1993 nyua b 001 0 eng
010 _a 93008667
020 _a0486271196 (pbk.) :
_c$7.95
040 _aDLC
_cDLC
_dDLC
050 0 0 _aQC6.J3
082 0 0 _a530.1
_220
100 1 _aJammer, Max.
_913414
245 1 0 _aConcepts of space :
_bthe history of theories of space in physics /
_cMax Jammer ; foreword by Albert Einstein.
250 _a3rd enl. ed.
260 _aNew York :
_bHarper Torchbooks
_c1960
300 _axvii, 261 p. :
_bill. ;
_c22 cm.
504 _aIncludes bibliographical references and index.
650 0 _aSpace and time
_913952
650 0 _a.
_914271
856 4 2 _3Publisher description
_uhttp://www.loc.gov/catdir/description/dover032/93008667.html
906 _a7
_bcbc
_corignew
_d1
_eocip
_f19
_gy-gencatlg
942 _2lcc
_cMONOGRAPH
999 _c121784
_d121784